Przystanki początkowe i końcowe zditm cz.2 - Statystyki

Ogólne statystyki
  • Ten quiz został rozwiązany 2 razy
  • Średni wynik to 21 z 48
Statystyki odpowiedzi
Lina Przystanki % Poprawnych
103 Głębokie
100%
106 Głębokie
100%
221 Głębokie
100%
227 Głębokie
100%
223 Gumieńce
100%
224 Gumieńce
100%
225 Gumieńce
100%
226 Gumieńce
100%
99 Kołłątaja
100%
93 Basen Górniczy
50%
93 Basen Górniczy
50%
96 Basen Górniczy
50%
225 Dobra Osiedle
50%
102 Gocław
50%
98 Kopańskiego
50%
226 Lubieszyn Rondo
50%
97 Osiedle Bukowe
50%
95 Osiedle Zawadzkiego
50%
241 Plac Kościuszki
50%
242 Plac Kościuszki
50%
243 Plac Kościuszki
50%
107 Police Wyszyńskiego Polana
50%
241 Przecław
50%
98 Santocka
50%
221 Sławoszewo
50%
223 Stolec
50%
94 Struga Zajezdnia
50%
94 Turkusowa
50%
95 Unii Lubelskiej Szpital
50%
244 Warnik
50%
99 Zajezdnia Golęcin
50%
96 Załom Leśna
50%
97 Dąbie Osiedle
0%
222 Kościno
0%
244 Maczka
0%
224 Mierzyn Pod Lipami
0%
222 Mierzyn Szkoła
0%
227 Mierzyn Szkoła
0%
242 Pargowo
0%
101 Plac Rodła
0%
107 Plac Rodła
0%
101 Police Jasienica
0%
106 Police Rynek
0%
109 Police Rynek
0%
102 Police Stara Fabryka
0%
109 Police Stara Fabryka
0%
103 Police Zakłady Chemicze
0%
243 Smolędzin
0%
Nie znaleziono quizów pasujących do podanych kryteriów
Rozkład punktacji
Procent ludzi z każdym wynikiem
Percentyl według liczby udzielonych odpowiedzi
Twoja historia wyników
Nie rozwiązałeś tego quizu